Perché siamo ancora nella Chiesa (Record n. 340100)

Dettagli MARC
000 -LEADER
fixed length control field 01110nam a2200253Ia 4500
001 - CONTROL NUMBER
control field 230-RAT jo pe (22256)
003 - CONTROL NUMBER IDENTIFIER
control field IT-MiSPE
008 - FIXED-LENGTH DATA ELEMENTS--GENERAL INFORMATION
fixed length control field 171229s9999||||xx |||||||||||||| ||und||
040 ## - CATALOGING SOURCE
Original cataloging agency IT-MiSPE
Transcribing agency IT-MiSPE
041 ## - LANGUAGE CODE
Language code of text/sound track or separate title ITALIANO
999 ## - SYSTEM CONTROL NUMBERS (KOHA)
Koha Dewey Subclass [OBSOLETE] NO
100 ## - MAIN ENTRY--PERSONAL NAME
Personal name Joseph Ratzinger (Benedictus XVI)
Miscellaneous information papa
240 ## - UNIFORM TITLE
Uniform title Grundsatz-Reden aus fünf Jahrzehnten
245 #0 - TITLE STATEMENT
Title Perché siamo ancora nella Chiesa
250 ## - EDITION STATEMENT
Edition statement 1a ed. (v)
260 ## - PUBLICATION, DISTRIBUTION, ETC. (IMPRINT)
Place of publication, distribution, etc. Milano
Name of publisher, distributor, etc. Rizzoli
Date of publication, distribution, etc. 2008
300 ## - PHYSICAL DESCRIPTION
Extent 299 p.
Dimensions 22 cm
501 ## - WITH NOTE
With note Edizioni San Paolo srl - Piazza Soncino, 5 - 20092 CINISELLO BALSAMO (MI) (non commercial uses only) ® Copyright 2018
520 ## - SUMMARY, ETC.
Summary, etc. Massimo Faggioli (ed. it.)
700 ## - ADDED ENTRY--PERSONAL NAME
Personal name Massimo Faggioli
700 ## - ADDED ENTRY--PERSONAL NAME
Personal name Valentina Rosi
Miscellaneous information (traduzione)
942 ## - ADDED ENTRY ELEMENTS (KOHA)
Koha item type LIBRO
957 ## -
-- 1
999 ## - SYSTEM CONTROL NUMBERS (KOHA)
-- Copie: 1
Dati di copia
Withdrawn status Lost status Damaged status Not for loan Home library Current library Date acquired Total Checkouts Full call number Date last seen Price effective from Koha item type Public note
    Buone Condizioni Not For Loan CINISELLO CINISELLO 30/12/2017   230-RAT jo pe (22256) 30/12/2017 30/12/2017 LIBRO (data import: 20 dicembre 2017) - By Epidotti, Vaglietti.
CREDITS: SOCIETA' SAN PAOLO Via A.Severo, 58 - ROMA (RM) & PERIODICI SAN PAOLO SRL Via Giotto, 36 MILANO & CISF Via Giotto, 36 MILANO & EDIZIONI SAN PAOLO SRL,  Piazza Soncino, 5 CINISELLO BALSAMO (MI) -- ITALY